00433nam a2200121Ia 4500008004000000020001800040082001700058100002000075245005700095260005300152300001200205650009400217210210b2000 xxu||||| |||| 00| 0 eng d a18 7223 271 3 a320.954 SHOI aSHOURIE (Arun). aIndian controveries: essays on religion in politics. aNew Delhi.bHarperCollins Publishers Indiac2000 axiv,670 aIndian religion Politics secular Bans Fatwas Ayodhya Communalism terrorism fundamentalism